Dziewie̜tnastowieczne nazwiska patronimiczne z sufiksami z komponentem "-k-" w materiale śla̜skim zebranym przez Stanisława Rosponda

Titel: Dziewie̜tnastowieczne nazwiska patronimiczne z sufiksami z komponentem "-k-" w materiale śla̜skim zebranym przez Stanisława Rosponda / Aleksandra Burdukiewicz
Verfasser:
In: Onomastica Slavogermanica, Band 27 (2008), Seite 155-166
alle Artikel anzeigen
Veröffentlicht: 2008
Format: Aufsatz
Sprache: Polnisch
Schlagworte:
Kein Bild verfügbar
X
alg: 20927290
001A    $04505:18-02-09 
001B    $03025:18-05-22 $t11:31:46.000 
001C    $04505:18-02-09 $t12:44:44.000 
001D    $04505:18-02-09 
001U    $0utf8 
001X    $00 
002@    $0Aou 
003@    $0209272902 
007A    $0209272902 $aHEB 
010@    $apol 
011@    $a2008 
021A    $aDziewie̜tnastowieczne nazwiska patronimiczne z sufiksami z komponentem "-k-" w materiale śla̜skim zebranym przez Stanisława Rosponda $hAleksandra Burdukiewicz 
028A    $7 $8Burdukiewicz, Aleksandra [Tnu] $9209272805 
031A    $d27 $h155-166 $j2008 
039B    $aIn $8--Abvc--. Onomastica Slavogermanica. - Stuttgart ; Leipzig : Hirzel, 1965-. - ISSN 0474-1471 $x200800000270000845 $9047296038 
044K    $RMundart $ROstmitteldeutsch $74120326-4 $8Schlesisch [Ts1] $9085383635 
044K    $RPersonenname $#Names, Personal $#Noms de personnes $#Nachname $#Zuname $74016415-9 $8Familienname [Ts1] $9085038466 
045T    $a7,11 $a7,39 
045T    $aLING $qDE-30 $2FID 
045T    $aGER $qDE-30 $2FID 
045W    $801.01.01.009.03.03$jSchlesisch [Tkv] $9133070328 
045W    $804.07.03$jFamiliennamen [Tkv] $9133073734 
045W    $804.07.33$jSlawische Namen [Tkv] $9133122786 

lok: 20927290 64
101B    $018-02-09 $t12:44:44.000 
101C    $018-02-09 
101U    $0utf8 
144Z/01 $ap @Rospond, Stanisław 

exp: 20927290 64 1 #EPN
201B/01 $018-02-09 $t12:44:44.000 
201C/01 $018-02-09 
201U/01 $0utf8 
203@/01 $056754995X 
208@/01 $a18-02-09 $be 
209A/01 $a0 $f000 $x00 
209B/01 $a34 $x05 
247C/01 $8Frankfurt, Bibliographie Linguistischer Literatur $9129368261 

lok: 20927290 78

exp: 20927290 78 1 #EPN
201B/01 $018-05-22 $t11:30:59.000 
201C/01 $018-05-22 
201U/01 $0utf8 
203@/01 $0120210729X 
208@/01 $a18-05-22 $be 
209A/01 $a/ $f000 $x00 
209A/01 $ab*p $x01 
220C/01 $aeja 
244Z/01 $#Generalgouvernement Polen $#Polska $#Rzeczpospolita Polska $#Polska Rzeczpospolita Ludowa $#Poland $#Pologne $#République Polonaise $#Generalne Gubernatorstwo w Polsce $#Polish People's Republic $#Polska Rzeczpospolita Polen $#PRL $#RP $#Polen Generalgouvernement $#Polska Generalgouvernement $#Besetzte Polnische Gebiete $#Besetztes Gebiet in Polen $#Okupowane Polskie Obszary $#Obszary Okupowane w Polsce $#Volksrepublik Polen $#Polska Rosyjska $#Republic Polen $#Respublika Pol'ša $#Pol'skaja Narodnaja Respublika $#République de Pologne $#Polen Links der Weichsel $#Polska po Lewej Stronie Wisły $#Lenkija $#Polija $#Gubernija Carstva Pol'skago $#Republik Polen $74046496-9 $8--Tg1--Polen $x01 $9085129801 
244Z/01 $#Schlesien $#Schlesien $#Herzogtum Schlesien $#Herzogtum Schlesien Schlesien $#Provinz Schlesien $#Śla̜sk $#Slezsko $#Silesia $74052678-1 $8--Tg1--Schlesien $x02 $9085146781 
247C/01 $82080>Marburg/Lahn, Herder-Institut, Forschungsbibliothek, Bibliographieportal $9336309341
LEADER 00000caa a2200000 c 4500
001 209272902
003 DE-603
005 20220518113146.0
007 tu
008 090218s2008 xx |||| | u00||u|pol c
035 |a (DE-599)HEB209272902 
040 |a DE-603  |b ger  |c DE-603  |d DE-603 
041 |a pol 
084 |a 7,11  |a 7,39  |2 ssgn 
084 |a LING  |q DE-30  |2 fid 
084 |a GER  |q DE-30  |2 fid 
100 1 |a Burdukiewicz, Aleksandra  |0 (DE-603)209272805 
245 0 0 |a Dziewie̜tnastowieczne nazwiska patronimiczne z sufiksami z komponentem "-k-" w materiale śla̜skim zebranym przez Stanisława Rosponda  |c Aleksandra Burdukiewicz 
264 0 |c 2008 
650 7 |a Schlesisch  |0 (DE-588)4120326-4  |0 (DE-603)085383635  |2 gnd 
650 7 |a Familienname  |0 (DE-588)4016415-9  |0 (DE-603)085038466  |2 gnd 
773 0 8 |i In  |t Onomastica Slavogermanica  |d Stuttgart ; Leipzig : Hirzel, 1965-  |h 24 cm  |x 0474-1471  |g Band 27 (2008), Seite 155-166  |w (DE-603)047296038  |w (DE-600)207370-5 
924 0 |9 603  |a (DE-603)56754995X  |b DE-603  |c HES  |d d 
924 0 |9 2080  |a (DE-603)120210729X  |b DE-2080  |c HES  |d d  |g /